[Event "13. Bayer Open"]
[Site "Leverkusen"]
[Date "2015.01.12"]
[Round "1.28"]
[White "Hartmann, Stephan"]
[Black "Scharff, Klaus"]
[Result "0-1"]
[WhiteElo "1485"]
[BlackElo "1857"]
[PlyCount "120"]
[EventDate "2015.??.??"]
[WhiteTeam "SG Idstein"]
[BlackTeam "SV Opladen"]

1. c4 Nf6 2. Nc3 g6 3. g3 Bg7 4. Bg2 d6 5. d3 O-O 6. Nf3 Nbd7 7. O-O e5 8. e4
c6 9. Rb1 Ne8 10. b4 h6 11. Be3 f5 12. exf5 gxf5 13. Qd2 f4 14. gxf4 exf4 15.
Bd4 Ne5 16. Bxe5 dxe5 17. Rbe1 Nd6 18. Ne4 Nxe4 19. dxe4 Qxd2 20. Nxd2 Be6 21.
Rc1 Rad8 22. Rfd1 Rd4 23. f3 Rfd8 24. Rc2 Bxc4 25. Bf1 Bxf1 26. Kxf1 Rxb4 27.
Ke2 Rbd4 28. Rcc1 Kf7 29. Nb3 Rxd1 30. Rxd1 Rxd1 31. Kxd1 b6 32. Kc2 Ke6 33.
Kc3 Bf8 34. Nd2 a5 35. Nc4 Bb4+ 36. Kd3 b5 37. Nb2 c5 38. Kc2 c4 39. a4 Kd6 40.
axb5 Kc5 41. b6 Kxb6 42. Nxc4+ Kc5 43. Nxe5 Kb5 44. Nd3 Bd6 45. Kb3 a4+ 46. Kc3
Bc7 47. e5 Ba5+ 48. Kc2 Bc7 49. Kc3 Kc6 50. Kb4 Kd5 51. Nxf4+ Kxe5 52. Ne2 Kf5
53. Kxa4 Bxh2 54. Nd4+ Kf4 55. Kb3 h5 56. Kc3 Ke3 57. Nf5+ Kxf3 58. Nh4+ Kg4
59. Ng2 Bg1 60. Kd3 Kg3 0-1

[Event "13. Bayer Open"]
[Site "Leverkusen"]
[Date "2015.01.12"]
[Round "1.29"]
[White "Grah, Ulrich"]
[Black "Yon, Gregory"]
[Result "1-0"]
[WhiteElo "1816"]
[BlackElo "1517"]
[PlyCount "91"]
[EventDate "2015.??.??"]
[WhiteTeam "SG Solingen"]
[BlackTeam "TSV Bergisch Gladbach"]

1. e4 d6 2. d4 Nf6 3. Nc3 e5 4. Nf3 exd4 5. Nxd4 Be7 6. g3 O-O 7. Bg2 c6 8. a4
Na6 9. O-O Bd7 10. h3 Nc7 11. a5 Rb8 12. f4 c5 13. Nde2 Bc6 14. b3 Qd7 15. Bb2
Rfd8 16. Nd5 Bxd5 17. exd5 Re8 18. c4 Na6 19. g4 Nxg4 20. hxg4 Qxg4 21. Nc3 Qf5
22. Be4 Qh3 23. Qf3 Qh4 24. Rf2 Bf6 25. Rh2 Bd4+ 26. Kh1 Qf6 27. Bxh7+ Kf8 28.
Bc2 g6 29. Ne4 Rxe4 30. Bxe4 Bxb2 31. Ra2 Bd4 32. Rae2 Nb4 33. Qg4 Qd8 34. f5
Qxa5 35. fxg6 Qa1+ 36. Kg2 Qg1+ 37. Kh3 Qxg4+ 38. Kxg4 fxg6 39. Bxg6 b5 40. Rh7
bxc4 41. bxc4 a6 42. Rf7+ Kg8 43. Rd7 Be5 44. Bf5 Ra8 45. Be6+ Kh8 46. Re3 1-0

[Event "13. Bayer Open"]
[Site "Leverkusen"]
[Date "2015.01.12"]
[Round "1.30"]
[White "Kinnert, Reinhard"]
[Black "Pützkaul, Karl"]
[Result "0-1"]
[WhiteElo "1581"]
[BlackElo "1737"]
[PlyCount "126"]
[EventDate "2015.??.??"]
[WhiteTeam "TV Witzhelden"]
[BlackTeam "SC Bayer Leverkusen"]

1. e4 c6 2. Nc3 d5 3. exd5 cxd5 4. d4 Nc6 5. Be3 Nf6 6. h3 Bf5 7. Nge2 e6 8. a3
Be7 9. Ng3 Bg6 10. Bd3 Bxd3 11. Qxd3 a6 12. f4 O-O 13. O-O Rc8 14. Qe2 Na5 15.
Bf2 Nc4 16. Rab1 b5 17. Na2 a5 18. c3 Bd6 19. Be1 Qc7 20. Bd2 Rb8 21. Nc1 b4
22. axb4 axb4 23. Nd3 bxc3 24. bxc3 Rfc8 25. Ne5 Nxd2 26. Qxd2 g6 27. Rxb8 Rxb8
28. Rf3 Bf8 29. Ne2 Ne4 30. Qe1 Rb2 31. Ng3 Qb7 32. Kh2 Nd6 33. Nd3 Rb1 34. Qe2
Nc4 35. Rf1 Rb3 36. Rc1 Ba3 37. Rc2 Qc7 38. Ne5 Nxe5 39. Qxe5 Bd6 40. Qe1 Bxf4
41. Ra2 Bxg3+ 42. Qxg3 Qxg3+ 43. Kxg3 Rxc3+ 44. Kf4 Kg7 45. Ke5 Re3+ 46. Kd6
Re4 47. Kc5 h5 48. Rf2 g5 49. g3 Kg6 50. Rf3 f5 51. Ra3 f4 52. gxf4 gxf4 53.
Ra8 Kg5 54. Rg8+ Kh4 55. Rh8 Kxh3 56. Rxh5+ Kg4 57. Rh8 f3 58. Rg8+ Kf4 59. Kd6
Ke3 60. Rg3 Ke2 61. Rg6 f2 62. Rxe6 f1=Q 63. Rxe4+ dxe4 0-1

[Event "13. Bayer Open"]
[Site "Leverkusen"]
[Date "2015.01.12"]
[Round "1.31"]
[White "Birnkott, Manfred"]
[Black "Seelig, Jochen"]
[Result "1/2-1/2"]
[WhiteElo "1888"]
[BlackElo "1307"]
[PlyCount "133"]
[EventDate "2015.??.??"]
[WhiteTeam "SC Bayer Leverkusen"]
[BlackTeam "SF Schlebusch"]

1. e4 b6 2. d4 Bb7 3. Nc3 e6 4. Bd3 Nf6 5. f3 d5 6. e5 Nfd7 7. Nge2 c5 8. Bb5
Bc6 9. Be3 a6 10. Bxc6 Nxc6 11. f4 g6 12. O-O c4 13. Kh1 b5 14. Ng1 h5 15. Nf3
Ne7 16. Ne2 Nf5 17. Bf2 Be7 18. c3 Nb6 19. Qd2 h4 20. Be1 Rh5 21. Neg1 a5 22.
Nh3 a4 23. a3 Nd7 24. Nhg5 Nf8 25. Kg1 Nh7 26. Nh3 Kd7 27. Qf2 Qf8 28. Rb1 Qh6
29. Qe2 Rg8 30. Bd2 Qf8 31. b3 axb3 32. Rxb3 Qb8 33. Rb2 Bxa3 34. Ra2 Be7 35.
Rfa1 Rc8 36. Ra7+ Ke8 37. Bc1 Bd8 38. Nfg5 Nxg5 39. Nxg5 Bxg5 40. fxg5 Kf8 41.
Qa2 Kg7 42. Qa6 Rc7 43. Ra8 Qb7 44. Qa3 Rc8 45. Ra7 Qb6 46. Ra6 Qb7 47. Qb4 Qe7
48. Qxb5 Rhh8 49. Qa5 Qd8 50. Qa2 Rb8 51. Ra7 Re8 52. Qd2 Re7 53. Rxe7 Qxe7 54.
Ba3 Qb7 55. Bb4 Ra8 56. Rb1 Qa6 57. Qb2 Qa2 58. Kf2 Qxb2+ 59. Rxb2 Ra1 60. g4
hxg3+ 61. hxg3 Ra7 62. Bc5 Rd7 63. Rb8 Ne7 64. Re8 Nc6 65. Bf8+ Kh7 66. Rc8 Rd8
67. Rxd8 1/2-1/2

[Event "13. Bayer Open"]
[Site "Leverkusen"]
[Date "2015.01.12"]
[Round "1.32"]
[White "Ipekyilmaz, Tayfun"]
[Black "Schülke, Tilman"]
[Result "1/2-1/2"]
[WhiteElo "1587"]
[BlackElo "1923"]
[PlyCount "83"]
[EventDate "2015.??.??"]
[WhiteTeam "Langenfelder SF"]
[BlackTeam "Düsseldorfer SV"]

1. e4 g6 2. d4 d6 3. Nc3 Bg7 4. f4 c6 5. Nf3 d5 6. e5 h5 7. Bd3 Nh6 8. Bd2 Bg4
9. h3 Bf5 10. Qe2 Bxd3 11. Qxd3 Nf5 12. Ne2 h4 13. O-O-O Qb6 14. Ng5 e6 15. Bc3
a5 16. g4 hxg3 17. Nxg3 Nh4 18. Nf3 Qa6 19. Ng5 Qxd3 20. Rxd3 Nd7 21. Bd2 Bf8
22. a4 Bb4 23. Rh2 Bxd2+ 24. Kxd2 Ke7 25. Rb3 Rab8 26. Kd3 b5 27. axb5 Rxb5 28.
Rxb5 cxb5 29. Rh1 Nb6 30. Ra1 Ra8 31. Ne2 b4 32. b3 Ra6 33. c3 a4 34. cxb4 a3
35. Kc3 Ra7 36. b5 Rc7+ 37. Kd3 Ra7 38. Ra2 f6 39. exf6+ Kxf6 40. Kc3 Ng2 41.
Kd3 Ra5 42. Kc3 1/2-1/2

[Event "13. Bayer Open"]
[Site "Leverkusen"]
[Date "2015.01.12"]
[Round "1.33"]
[White "Kuhn, Andreas"]
[Black "Esser, Heinz"]
[Result "1-0"]
[WhiteElo "1904"]
[BlackElo "1315"]
[PlyCount "45"]
[EventDate "2015.??.??"]
[WhiteTeam "SG Niederkassel"]
[BlackTeam "SV Bayer Dormagen"]

1. Nf3 Nf6 2. c4 e6 3. g3 d5 4. Bg2 Nbd7 5. O-O c6 6. d4 Be7 7. Qc2 O-O 8. Rd1
Rb8 9. b3 Ne8 10. e4 Nc7 11. Nc3 a6 12. Bf4 b5 13. cxd5 cxd5 14. exd5 Rb6 15.
dxe6 Rxe6 16. d5 Rd6 17. Ne4 Nf6 18. Nxd6 Bxd6 19. Bxd6 Qxd6 20. Rac1 Nce8 21.
Ng5 g6 22. Ne4 Bf5 23. Nxd6 1-0

[Event "13. Bayer Open"]
[Site "Leverkusen"]
[Date "2015.01.12"]
[Round "1.34"]
[White "Asadzade, Idris"]
[Black "Schimpf, Rolf"]
[Result "1/2-1/2"]
[WhiteElo "1525"]
[BlackElo "1710"]
[PlyCount "85"]
[EventDate "2015.??.??"]
[WhiteTeam "SG Porz"]
[BlackTeam "SC Bayer Leverkusen"]

1. d4 Nf6 2. c4 b6 3. Nf3 e6 4. Nc3 Bb7 5. Bg5 Be7 6. g3 Ne4 7. Nxe4 Bxe4 8.
Bxe7 Qxe7 9. a3 O-O 10. Bg2 f5 11. Nh4 Bxg2 12. Nxg2 d6 13. O-O Nd7 14. Qb3 Kh8
15. e3 g5 16. Qc3 Nf6 17. f3 Qg7 18. Rae1 g4 19. f4 Ne4 20. Qc2 Rf6 21. Nh4 Rh6
22. d5 Rf8 23. Rd1 e5 24. fxe5 Qxe5 25. Rf4 Rhf6 26. Nxf5 Nxg3 27. hxg3 Rxf5
28. Qc3 Qxc3 29. bxc3 h5 30. Rdf1 Rxf4 31. Rxf4 Kg7 32. Re4 Rf7 33. Re6 Rf6 34.
Re7+ Rf7 35. Re6 a5 36. a4 Kf8 37. Re4 Re7 38. Rf4+ Kg7 39. Kf2 Kg6 40. e4 Rh7
41. Ke3 Kg5 42. Rf5+ Kg6 43. Rf4 1/2-1/2

[Event "13. Bayer Open"]
[Site "Leverkusen"]
[Date "2015.01.12"]
[Round "1.35"]
[White "Friedsam, Manfred"]
[Black "Longerich, Hans-Peter"]
[Result "1-0"]
[WhiteElo "1754"]
[BlackElo "1375"]
[PlyCount "53"]
[EventDate "2015.??.??"]
[WhiteTeam "Königsspringer Leverkusen"]
[BlackTeam "SC Bayer Leverkusen"]

1. e4 c6 2. d4 d5 3. e5 Bf5 4. Nc3 e6 5. g4 Bg6 6. Nge2 Nd7 7. Nf4 Ne7 8. h4 h5
9. Nxg6 Nxg6 10. gxh5 Ne7 11. Be3 Nf5 12. Bd3 Nxe3 13. fxe3 Qe7 14. Qf3 O-O-O
15. O-O-O c5 16. Bb5 c4 17. Bxd7+ Rxd7 18. Rdf1 a6 19. Qg4 Rh6 20. Rf2 f6 21.
exf6 Rxf6 22. Rhf1 Rxf2 23. Rxf2 Qe8 24. Qg6 Qe7 25. Qg5 Qe8 26. Ne2 Rf7 27.
Qg6 1-0

[Event "13. Bayer Open"]
[Site "Leverkusen"]
[Date "2015.01.12"]
[Round "1.36"]
[White "Müller, Horst"]
[Black "Jiritschka, Wolfgang"]
[Result "0-1"]
[WhiteElo "1522"]
[BlackElo "1847"]
[PlyCount "38"]
[EventDate "2015.??.??"]
[WhiteTeam "SV Springer Hitdorf"]
[BlackTeam "SC Bayer Leverkusen"]

1. c4 Nf6 2. Nc3 g6 3. d4 d5 4. cxd5 Nxd5 5. g3 Bg7 6. Bg2 Nxc3 7. bxc3 c5 8.
Nf3 Nc6 9. e3 O-O 10. O-O Qa5 11. Bd2 Bf5 12. c4 Qa6 13. Qb3 Rab8 14. Nh4 Bd7
15. Nf3 cxd4 16. exd4 Nxd4 17. Nxd4 Bxd4 18. Rad1 Ba4 19. Qd3 Rfd8 0-1

[Event "13. Bayer Open"]
[Site "Leverkusen"]
[Date "2015.01.12"]
[Round "1.37"]
[White "Kamphausen, Johannes-Dieter"]
[Black "Milz, Ulrich"]
[Result "1/2-1/2"]
[WhiteElo "1722"]
[BlackElo "1554"]
[PlyCount "38"]
[EventDate "2015.??.??"]
[WhiteTeam "SV Springer Hitdorf"]
[BlackTeam "SC Bayer Leverkusen"]

1. e4 e6 2. d4 b6 3. Bd3 h6 4. Nf3 Bb7 5. Nc3 Bb4 6. Bd2 Nf6 7. Qe2 c5 8. d5
O-O 9. dxe6 dxe6 10. a3 Ba5 11. O-O Nc6 12. Rfd1 Ng4 13. h3 Nge5 14. Be3 Bxc3
15. bxc3 Qf6 16. Nxe5 Nxe5 17. f4 Nxd3 18. Qxd3 Rad8 19. Qc4 Qg6 1/2-1/2

[Event "13. Bayer Open"]
[Site "Leverkusen"]
[Date "2015.01.12"]
[Round "1.38"]
[White "Balduan, Karl-Heinz"]
[Black "Blumenthal, Ralf"]
[Result "0-1"]
[WhiteElo "1510"]
[BlackElo "1870"]
[PlyCount "80"]
[EventDate "2015.??.??"]
[WhiteTeam "Königsspringer Leverkusen"]
[BlackTeam "SK Turm Euskirchen"]

1. d4 Nf6 2. Nf3 c5 3. c3 g6 4. Bf4 Qa5 5. Nbd2 cxd4 6. Nb3 Qf5 7. Bxb8 Rxb8 8.
Nbxd4 Qa5 9. Nb3 Qc7 10. e3 Bg7 11. Nbd4 a6 12. Bd3 d5 13. Bc2 O-O 14. h3 Bd7
15. Ne2 e5 16. Bb3 Bc6 17. Ng3 Rbd8 18. O-O Ne4 19. Ne2 Qb6 20. Nd2 Nc5 21. Qc2
Nxb3 22. Qxb3 Qc5 23. Rac1 Qa5 24. a3 Bb5 25. Rfe1 Bc6 26. Nf3 Qc7 27. Red1 Qd7
28. Rd2 b5 29. Qb4 d4 30. Ne1 Qf5 31. cxd4 Ba8 32. Rc5 Rfe8 33. Ng3 Qb1 34.
Rdc2 Bf8 35. Rc1 Qxc1 36. Rxc1 Bxb4 37. axb4 exd4 38. Nf1 dxe3 39. Nxe3 Rd2 40.
N1c2 Rc8 0-1

[Event "13. Bayer Open"]
[Site "Leverkusen"]
[Date "2015.01.12"]
[Round "1.39"]
[White "Axmann, Michael"]
[Black "Gülden, Ralf"]
[Result "1/2-1/2"]
[WhiteElo "1798"]
[BlackElo "1503"]
[PlyCount "42"]
[EventDate "2015.??.??"]
[WhiteTeam "SC Bayer Leverkusen"]
[BlackTeam "Königsspringer Leverkusen"]

1. d4 Nf6 2. Nf3 e6 3. e3 b6 4. Bd3 Bb7 5. Nbd2 d5 6. O-O Be7 7. b3 O-O 8. Bb2
Nbd7 9. Re1 Rc8 10. Rc1 c5 11. c4 Re8 12. Qe2 Ne4 13. Ne5 Nxd2 14. Qxd2 Nf6 15.
Qe2 dxc4 16. Bxc4 Bd6 17. Bb5 Re7 18. Red1 cxd4 19. Rxc8 Qxc8 20. exd4 Rc7 21.
Bd3 Qa8 1/2-1/2

[Event "13. Bayer Open"]
[Site "Leverkusen"]
[Date "2015.01.12"]
[Round "1.40"]
[White "Haag, Helmut"]
[Black "Maczkowiak, Thomas"]
[Result "0-1"]
[WhiteElo "1498"]
[BlackElo "1804"]
[PlyCount "54"]
[EventDate "2015.??.??"]
[WhiteTeam "Langenfelder SF"]
[BlackTeam "MS Halver-Schalksmühle"]

1. d4 Nf6 2. c4 g6 3. Nc3 d5 4. e3 Bg7 5. Nf3 O-O 6. Bd3 c5 7. O-O Nc6 8. dxc5
dxc4 9. Bxc4 Qa5 10. a3 Qxc5 11. Be2 Rd8 12. Bd2 Bg4 13. Qc1 Bxf3 14. Bxf3 Ne5
15. Be2 Rac8 16. Rd1 Qb6 17. b4 Rc6 18. Qb2 Nd3 19. Bxd3 Rxd3 20. Rac1 Qd8 21.
Be1 Ne4 22. Rxd3 Qxd3 23. Qc2 Qxc2 24. Rxc2 Nxc3 25. Bxc3 Rxc3 26. Rxc3 Bxc3
27. a4 Bxb4 0-1

[Event "13. Bayer Open"]
[Site "Leverkusen"]
[Date "2015.01.12"]
[Round "1.41"]
[White "Gutt, Stefan"]
[Black "Kolleck, Wolf-Dietrich"]
[Result "1-0"]
[WhiteElo "1808"]
[BlackElo "1482"]
[PlyCount "59"]
[EventDate "2015.??.??"]
[WhiteTeam "Bergische SF"]
[BlackTeam "SC Bayer Leverkusen"]

1. d4 d5 2. c4 e6 3. Nc3 Nf6 4. Bg5 Be7 5. e3 Nbd7 6. Nf3 c5 7. Rc1 O-O 8. Bd3
Qa5 9. Qa4 Qb6 10. Qc2 Re8 11. O-O a6 12. cxd5 Nf8 13. dxe6 Bxe6 14. Na4 Qa7
15. Nxc5 Rac8 16. Qa4 Bxc5 17. Rxc5 N6d7 18. Rcc1 Nb6 19. Qa3 Bd5 20. Nd2 Nbd7
21. e4 f6 22. Be3 Bf7 23. b4 Qb8 24. b5 axb5 25. Bxb5 Red8 26. Nc4 Ng6 27. Nd6
Rxc1 28. Rxc1 Nb6 29. Nxf7 Kxf7 30. Qc5 1-0

[Event "13. Bayer Open"]
[Site "Leverkusen"]
[Date "2015.01.12"]
[Round "1.42"]
[White "Fried, Hans-Joachim"]
[Black "Mentzel, Markus"]
[Result "0-1"]
[WhiteElo "1467"]
[BlackElo "1799"]
[PlyCount "42"]
[EventDate "2015.??.??"]
[WhiteTeam "TV Witzhelden"]
[BlackTeam "SG Solingen"]

1. b4 Nf6 2. d4 d5 3. Bb2 Bf5 4. Nf3 e6 5. b5 a6 6. a4 axb5 7. axb5 Rxa1 8.
Bxa1 Bb4+ 9. Bc3 Bd6 10. Nbd2 Nbd7 11. Nh4 Bg6 12. Nxg6 hxg6 13. Nf3 Ne4 14.
Qa1 Ndf6 15. Bb2 Ng4 16. h3 Ngxf2 17. Rg1 Bg3 18. e3 Nxh3+ 19. Ke2 Nxg1+ 20.
Nxg1 Bd6 21. Ba3 Qa8 0-1

[Event "13. Bayer Open"]
[Site "Leverkusen"]
[Date "2015.01.12"]
[Round "1.43"]
[White "Eigemann, Julian"]
[Black "van Hove, Ode"]
[Result "1-0"]
[WhiteElo "1977"]
[BlackElo "1461"]
[PlyCount "59"]
[EventDate "2015.??.??"]
[WhiteTeam "SG Porz"]
[BlackTeam "SV Schewe Torm/Derendorf"]

1. Nc3 Nf6 2. e4 e5 3. f4 Nc6 4. Nf3 d6 5. Bb5 Bg4 6. O-O Be7 7. h3 Bh5 8. g4
Nxg4 9. hxg4 Bxg4 10. d3 exf4 11. Bxf4 O-O 12. Bxc6 bxc6 13. Qe1 Rb8 14. Rb1
Bf6 15. Qg3 Bxf3 16. Qxf3 Bd4+ 17. Be3 Qg5+ 18. Kf2 Qf6 19. Qxf6 Bxf6 20. d4
Rfe8 21. Kf3 Rb4 22. Ne2 c5 23. c3 Rb5 24. dxc5 dxc5 25. Rfd1 Rd8 26. Rxd8+
Bxd8 27. Rd1 Be7 28. Rd7 Kf8 29. Rxc7 Rb6 30. Rxc5 1-0

[Event "13. Bayer Open"]
[Site "Leverkusen"]
[Date "2015.01.12"]
[Round "1.44"]
[White "Barche, Uwe"]
[Black "Schwark, Mario"]
[Result "0-1"]
[WhiteElo "1244"]
[BlackElo "1816"]
[PlyCount "48"]
[EventDate "2015.??.??"]
[WhiteTeam "SG Solingen"]
[BlackTeam "SG Kalker/Deutzer"]

1. Nf3 Nf6 2. g3 d5 3. Bg2 g6 4. O-O Nc6 5. d3 e5 6. c4 dxc4 7. dxc4 Qxd1 8.
Rxd1 Bg7 9. e3 Be6 10. Na3 h6 11. b3 O-O 12. Bb2 e4 13. Nd4 Bg4 14. Rd2 Ne5 15.
Kh1 Rfd8 16. Nac2 c5 17. h3 Bf3 18. Nxf3 Nxf3 19. Rxd8+ Rxd8 20. Ne1 Rd2 21.
Bxf6 Bxf6 22. Rc1 Rxf2 23. Nxf3 exf3 24. Bf1 Rxa2 0-1

[Event "13. Bayer Open"]
[Site "Leverkusen"]
[Date "2015.01.12"]
[Round "1.45"]
[White "Schlenter, Rüdiger"]
[Black "Mizich, Vadim"]
[Result "1-0"]
[WhiteElo "1872"]
[BlackElo "1449"]
[PlyCount "55"]
[EventDate "2015.??.??"]
[WhiteTeam "SV Mülheim-Nord"]
[BlackTeam "Königsspringer Leverkusen"]

1. Nf3 d5 2. g3 Nf6 3. Bg2 Bf5 4. O-O Nc6 5. d4 h6 6. Ne5 Nb4 7. Na3 e6 8. c3
Na6 9. Qa4+ Nd7 10. c4 Bxa3 11. bxa3 c6 12. Nxc6 bxc6 13. Qxa6 Qb6 14. Qxb6
axb6 15. cxd5 exd5 16. f3 Bg6 17. e4 dxe4 18. fxe4 Nf6 19. Re1 Ra6 20. Bb2 O-O
21. Rac1 c5 22. e5 Nh7 23. Bc6 Ra5 24. d5 Ng5 25. Re3 f5 26. e6 Be8 27. e7 Rf7
28. Bxe8 1-0

[Event "13. Bayer Open"]
[Site "Leverkusen"]
[Date "2015.01.12"]
[Round "1.46"]
[White "Prößdorf, Lennard"]
[Black "Hennig, Edgar"]
[Result "1/2-1/2"]
[WhiteElo "1425"]
[BlackElo "1901"]
[PlyCount "41"]
[EventDate "2015.??.??"]
[WhiteTeam "SC Bayer Leverkusen"]
[BlackTeam "Satranç Club"]

1. d4 Nf6 2. c4 e6 3. Nc3 Bb4 4. e3 O-O 5. Bd2 b6 6. Bd3 Bb7 7. Nf3 d5 8. cxd5
Nxd5 9. O-O Nxc3 10. Bxc3 Bxc3 11. bxc3 Nd7 12. Qc2 h6 13. Bh7+ Kh8 14. Be4
Bxe4 15. Qxe4 c5 16. Rfd1 cxd4 17. cxd4 Nf6 18. Qb7 Qc8 19. Qe7 Qd7 20. Qa3 Qb7
21. Rac1 1/2-1/2

[Event "13. Bayer Open"]
[Site "Leverkusen"]
[Date "2015.01.12"]
[Round "1.47"]
[White "Bießner, Eberhard"]
[Black "Holz, Peter"]
[Result "1-0"]
[WhiteElo "1760"]
[BlackElo "1392"]
[PlyCount "81"]
[EventDate "2015.??.??"]
[WhiteTeam "Rheydter SV"]
[BlackTeam "Pulheimer SC"]

1. e4 e5 2. Nf3 Nc6 3. Bc4 h6 4. d4 d6 5. dxe5 dxe5 6. Qxd8+ Kxd8 7. Bxf7 Nf6
8. Nbd2 Bd6 9. c3 Rf8 10. Bb3 Bg4 11. Bc2 Ne7 12. Nc4 Ng6 13. Nfd2 Nf4 14. Nxd6
cxd6 15. O-O Ne2+ 16. Kh1 Be6 17. Bd3 Nf4 18. Bc4 Ke7 19. f3 Rac8 20. Bxe6 Kxe6
21. Nb3 Nd3 22. Rb1 Nxc1 23. Rbxc1 b6 24. Rfd1 Nh5 25. Kg1 Nf4 26. Kf1 Rf6 27.
g3 Nh3 28. Kg2 Ng5 29. Rd3 Rcf8 30. Nd2 Nf7 31. h4 g5 32. hxg5 hxg5 33. Nc4 Ke7
34. Ne3 Nh6 35. Nd5+ Ke6 36. Nxf6 Rxf6 37. b4 g4 38. Rf1 Ke7 39. f4 Nf7 40. a4
Ke6 41. c4 {Notation unvollständig.} 1-0

[Event "13. Bayer Open"]
[Site "Leverkusen"]
[Date "2015.01.12"]
[Round "1.48"]
[White "Roder, Stephan"]
[Black "Witte, Volker"]
[Result "0-1"]
[WhiteElo "1369"]
[BlackElo "1669"]
[PlyCount "84"]
[EventDate "2015.??.??"]
[WhiteTeam "TSV Bergisch Gladbach"]
[BlackTeam "SF Schlebusch"]

1. d4 Nf6 2. Bf4 g6 3. Nd2 Bg7 4. e4 O-O 5. Ngf3 d6 6. c3 Nh5 7. Be3 f5 8. exf5
Bxf5 9. h3 Bc8 10. Qb3+ d5 11. g4 Nf4 12. Bxf4 Rxf4 13. O-O-O e6 14. Bg2 Na6
15. Rdf1 c5 16. dxc5 Nxc5 17. Qc2 Bd7 18. Nb3 Ba4 19. Nfd2 Rc8 20. Kb1 Qf6 21.
f3 Rc6 22. h4 d4 23. Ne4 Nxe4 24. fxe4 Bxb3 25. Qxb3 Rb6 26. Rxf4 Qxf4 27. Qa4
Qd2 28. Qc2 dxc3 29. b3 Qxc2+ 30. Kxc2 Rd6 31. Rd1 Rxd1 32. Kxd1 Bd4 33. h5 g5
34. Kc2 Kf7 35. a4 Kf6 36. Kd3 Ke5 37. Bf3 Kf4 38. Be2 e5 39. Kc2 Ke3 40. Bf1
Kf2 41. Bc4 Ke3 42. Bf1 h6 0-1

[Event "13. Bayer Open"]
[Site "Leverkusen"]
[Date "2015.01.12"]
[Round "1.49"]
[White "van Kempen, Heinz"]
[Black "Azimi, Reza"]
[Result "1-0"]
[WhiteElo "1724"]
[BlackElo "1364"]
[PlyCount "61"]
[EventDate "2015.??.??"]
[WhiteTeam "SV Opladen"]
[BlackTeam "Schachuzipus Köln-Mülheim"]

1. e4 c5 2. c3 e5 3. Nf3 Nc6 4. Bc4 d6 5. O-O Bg4 6. d3 Nf6 7. h3 Bd7 8. Ng5
Be6 9. Bxe6 fxe6 10. Nxe6 Qd7 11. Nxf8 Rxf8 12. Bg5 O-O-O 13. Na3 a6 14. Nc4
Qc7 15. a4 d5 16. exd5 Rxd5 17. a5 Kb8 18. Qc2 h6 19. Be3 Qf7 20. Nb6 Rdd8 21.
Bxc5 Rfe8 22. b4 Qg6 23. b5 axb5 24. a6 bxa6 25. Rxa6 Kb7 26. Qa2 Nh5 27. Ra1
Kc7 28. Nd5+ Rxd5 29. Qxd5 Rd8 30. Rxc6+ Qxc6 31. Ra7+ 1-0

[Event "13. Bayer Open"]
[Site "Leverkusen"]
[Date "2015.01.12"]
[Round "1.50"]
[White "Johann, Hans Werner"]
[Black "Vranidis, Athanassios"]
[Result "0-1"]
[WhiteElo "1317"]
[BlackElo "1820"]
[PlyCount "60"]
[EventDate "2015.??.??"]
[WhiteTeam "TV Witzhelden"]
[BlackTeam "SG Solingen"]

1. d4 Nf6 2. e3 d5 3. Nf3 e6 4. a3 c5 5. dxc5 Bxc5 6. b4 Be7 7. Bb2 O-O 8. Be2
b6 9. O-O Bb7 10. Nbd2 Nbd7 11. Ne5 Nxe5 12. Bxe5 Bd6 13. Bxd6 Qxd6 14. h3 Rfd8
15. Bd3 Rac8 16. Rc1 d4 17. e4 Qf4 18. f3 Nd7 19. Qe1 Ne5 20. Qe2 Rc3 21. Nb1
Nxd3 22. Rcd1 Nc1 23. Qd2 Qxd2 24. Rxd2 Nb3 25. Rd3 Rxd3 26. cxd3 Rc8 27. Rf2
Rc1+ 28. Rf1 Ba6 29. Rxc1 Nxc1 30. Nd2 Nxd3 0-1

[Event "13. Bayer Open"]
[Site "Leverkusen"]
[Date "2015.01.12"]
[Round "1.51"]
[White "Ziabari, Morteza"]
[Black "Hoferichter, Michael"]
[Result "1-0"]
[WhiteElo "1792"]
[BlackElo "1302"]
[PlyCount "55"]
[EventDate "2015.??.??"]
[WhiteTeam "Kettwiger SG"]
[BlackTeam "Klub Kölner SF"]

1. e4 c5 2. Nc3 Nc6 3. f4 e6 4. Bb5 a6 5. Bxc6 dxc6 6. Nf3 Nf6 7. O-O Be7 8. e5
Nd5 9. Ne2 O-O 10. a3 f6 11. c4 Nc7 12. Ng3 b5 13. d3 Bb7 14. Qe2 a5 15. Be3
bxc4 16. dxc4 Ba6 17. Qc2 Bc8 18. Rad1 Qe8 19. Ne4 fxe5 20. Nxe5 Na6 21. Rf3
Bf6 22. Nd6 Qd8 23. Ndf7 Qe7 24. Rh3 Bh4 25. Ng5 Rf5 26. Rxh4 g6 27. Nxc6 Qe8
28. Rd8 1-0

[Event "13. Bayer Open"]
[Site "Leverkusen"]
[Date "2015.01.12"]
[Round "1.53"]
[White "Rahmen, Christian"]
[Black "Weirich, Ralf"]
[Result "1-0"]
[WhiteElo "1803"]
[BlackElo "1206"]
[PlyCount "43"]
[EventDate "2015.??.??"]
[WhiteTeam "SG Porz"]
[BlackTeam "TV Witzhelden"]

1. d4 Nf6 2. c4 e5 3. dxe5 Ng4 4. Nf3 Bc5 5. e3 Nc6 6. Be2 Ngxe5 7. O-O O-O 8.
Nc3 Re8 9. b3 a5 10. Bb2 b6 11. Nd5 Bb7 12. a3 Ba6 13. Qc2 Nxf3+ 14. Bxf3 Ne5
15. Be4 g6 16. f4 c6 17. fxe5 cxd5 18. Bxd5 Bxe3+ 19. Kh1 Rf8 20. Qc3 Bh6 21.
e6 dxe6 22. Qh8# 1-0

[Event "13. Bayer Open"]
[Site "Leverkusen"]
[Date "2015.01.12"]
[Round "1.54"]
[White "Teuber, Alfons"]
[Black "Liebsch, Ulrich"]
[Result "0-1"]
[WhiteElo "1057"]
[BlackElo "1669"]
[PlyCount "72"]
[EventDate "2015.??.??"]
[WhiteTeam "BSW Opladen"]
[BlackTeam "SC Bayer Leverkusen"]

1. e4 c5 2. Bc4 Nc6 3. Nf3 d6 4. Bxf7+ Kxf7 5. Ng5+ Ke8 6. h3 Nf6 7. Nc3 h6 8.
Nf3 e6 9. Nh4 Kf7 10. Nf3 Be7 11. d3 Rf8 12. d4 cxd4 13. Nxd4 Bd7 14. Be3 Qa5
15. O-O a6 16. a3 Rac8 17. b4 Qc7 18. Rc1 Nxd4 19. Qxd4 Qxc3 20. Qd3 Qxd3 21.
cxd3 Rxc1 22. Rxc1 Rc8 23. f3 Rxc1+ 24. Bxc1 e5 25. Kh2 Bb5 26. f4 Bxd3 27.
fxe5 dxe5 28. Bb2 Bd6 29. g4 Nxe4 30. Kg2 Nd2 31. Bc1 Nc4 32. Kf2 e4 33. h4 a5
34. b5 Bc5+ 35. Kg3 e3 36. Bxe3 Nxe3 0-1

[Event "13. Bayer Open"]
[Site "Leverkusen"]
[Date "2015.01.26"]
[Round "2.1"]
[White "Spiekermann, Stefan"]
[Black "Schneider, Bernd"]
[Result "1/2-1/2"]
[WhiteElo "1988"]
[BlackElo "2358"]
[PlyCount "26"]
[EventDate "2015.??.??"]
[WhiteTeam "SV Menden"]
[BlackTeam "Bochumer SV"]

1. e4 g6 2. d4 Bg7 3. Nc3 d6 4. f4 Nf6 5. Nf3 O-O 6. e5 Nfd7 7. Be3 Na6 8. Bc4
Nb6 9. Bb3 c5 10. dxc5 Nxc5 11. O-O Nxb3 12. axb3 d5 13. Qd2 Bg4 1/2-1/2

[Event "13. Bayer Open"]
[Site "Leverkusen"]
[Date "2015.01.26"]
[Round "2.2"]
[White "Rotstein, Jefim"]
[Black "Erdmann, Kristian"]
[Result "1-0"]
[WhiteElo "2266"]
[BlackElo "1966"]
[PlyCount "85"]
[EventDate "2015.??.??"]
[WhiteTeam "SC Tornado Hochneukirch"]
[BlackTeam "Königsspringer Leverkusen"]

1. Nf3 c5 2. c4 Nc6 3. Nc3 e5 4. g3 f5 5. d3 Nf6 6. Bg2 d6 7. O-O Be7 8. Ne1
O-O 9. Nc2 Be6 10. Nd5 a5 11. Nce3 Kh8 12. f4 e4 13. Nxf6 Bxf6 14. dxe4 Bd4 15.
Kh1 Bxe3 16. Bxe3 fxe4 17. Qc2 Bf5 18. Rad1 Qe7 19. h3 h5 20. b3 Rf6 21. Kh2 b6
22. Rh1 Rg6 23. Qd2 Qe6 24. Qd5 Qxd5 25. Rxd5 Ne7 26. Rd2 Rd8 27. Rhd1 Re6 28.
a3 Nc6 29. Rh1 Kg8 30. Rg1 Rh6 31. Bf2 Kh8 32. e3 Kg8 33. Bf1 Kf7 34. Be2 Rdh8
35. Rgd1 Rd8 36. Kg2 Bc8 37. Rd5 Ne7 38. Rxh5 Rdh8 39. Rxh6 Rxh6 40. g4 Nc6 41.
Bg3 Nd8 42. f5 Nb7 43. Bf4 1-0